000 00908nas a2200277 4500
001 BR2019000760
003 BR-BrBNA
005 20231205131637.0
007 ta
008 230509b bl.|||p| |||| 00| 00por d
040 _aBR-BrBNA
_bpor
_cBiblioteca Nacional de Agricultura
041 _a(Pt)
072 _aF08
100 1 _aBrito, A.M. de
100 1 _aSilva, G.C.V. da
100 1 _aAlmeida, C.M.V.C. de
100 1 _aMatos, P.G.G. de
245 1 _aSistemas agroflorestais com o cacaueiro: uma tentativa de busca do desenvolvimento sustentável do estado do Amazonas, Brasil
650 _aCACAU
650 _aSISTEMA DE PRODUÇÃO
650 _aCONSORCIAÇÃO DE CULTURA
773 0 _tAgrotrópica (Brazil)
_xISSN 0103-3816
_g(May-Aug 2002), v. 14(2) p. 61-72
_wBR2019000760
856 4 0 _dLink DSPACE/MAPA BR2019000760
909 _a202311
_bLúcia
_c55
_dLúcia Elande
942 _2AGRIS
_n0
_cANA
999 _c255880
_d255880